000 00460nam a2200133Ia 4500
008 100328s9999 xx 000 0 und d
082 _b68223
100 _aहडपडकर दिपिका.
245 _aअपूर्ण मी तुझ्याविना.
260 _bआमोद.
630 _aअपूर्ण मी तुझ्याविना.
730 _aअपूर्ण मी तुझ्याविना.
942 _cBOOK
999 _c553962
_d553959